Biology: Vajiram and Ravi educational Services (Record no. 519282)

000 -LEADER
fixed length control field 00313nam a22001097a 4500
082 ## - DEWEY DECIMAL CLASSIFICATION NUMBER
Classification number PKP A72 V212b
100 ## - MAIN ENTRY--PERSONAL NAME
Personal name Ravi and Vajiram
9 (RLIN) 30086
245 ## - TITLE STATEMENT
Title Biology: Vajiram and Ravi educational Services
Statement of responsibility, etc by Vajiram and Ravi
260 ## - PUBLICATION, DISTRIBUTION, ETC. (IMPRINT)
Place of publication, distribution, etc New Delhi
Name of publisher, distributor, etc Vajiram amd Ravi
300 ## - PHYSICAL DESCRIPTION
Extent 92p.
650 ## - SUBJECT ADDED ENTRY--TOPICAL TERM
Topical term or geographic name as entry element Biology
9 (RLIN) 30087
Holdings
Withdrawn status Lost status Source of classification or shelving scheme Damaged status Koha normalized classification for sorting Not for loan Permanent location Current location Date acquired Full call number Barcode Date last seen Price effective from Koha item type
        PKP_A72_V212B   Indian Institute of Public Administration Indian Institute of Public Administration 2022-02-21 PKP A72 V212b 88771 2022-02-21 2022-02-21 Book

Powered by Koha